00507 2200181 4500001002100000005001500021035002000036245009400056100001800150250001700168300003200185700001900217260003500236082000800271084001400279020002200293650001000315INLIS00000000000078520241109075748 a0010-11240000081 aSains Untuk Pemula :bMakhluk Hidup dan Proses Kehidupan /cDiah Rahmatia, Pipit Pitriana0 aDiah Rahmatia aCetakan ke-1 aiv, 44 hlm :bIlus ;c22 cm0 aPipit Pitriana aJakarta :bGaneca exact,c2007 a500 a500 DIA s a978-979-571-493-4 4aSains